| 000 | 00725nam a2200277Ia 4500 | ||
|---|---|---|---|
| 001 | G5312 | ||
| 003 | IT-RoPAU | ||
| 008 | 130308s9999 xx 000 0 und d | ||
| 040 | _aIT-RoPAU | ||
| 040 | _cIT-RoPAU | ||
| 041 | _aITALIANO | ||
| 100 | _aLandi Maria Addolorata | ||
| 100 | _gCodice Aut. SPICS: 55053 | ||
| 245 | _aMemoria e categorie linguistiche | ||
| 245 | _bMemoria e I segni (La) | ||
| 250 | _a1a ed. | ||
| 260 | _aROMA | ||
| 260 | _bCarocci | ||
| 260 | _c2000 [1° Ed.:2000 - Ed.Ling.Originale:2000] | ||
| 300 | _a"13 p. (prefazione: no ; testo: 13 [pagine: 265-277])" | ||
| 650 | _aSAGGI DI LINGUISTICA | ||
| 650 | _eCodice materia Spics: 3207 | ||
| 942 | _cBK | ||
| 957 | _71 | ||
| 999 |
_c78026 _d78026 |
||
| 999 | _g1 | ||